000 00434nam a2200169Ia 4500
003 GCL
008 140319s9999 xx 000 0 ara d
040 _aGCL /
_cGCL
082 0 4 _a813.03
_bح ح
100 1 _aحنا مينة
245 1 0 _aحمامة زرقاء فى السحب /
_cحنا مينة
300 _a363 ص
490 _a
650 0 4 _aالادب العربى
650 0 4 _aالقصص العربية
942 _2ddc
_cBK
999 _c41523
_d41523